000 01419 a2200301 4500
001 12083
003 OSt
005 20240415152034.0
008 240415b |||||||| |||| 00| 0 POR d
020 _a9788598457512
040 _aBR-BrIDEA
_cBR-BrIDEA
041 _apor
082 _a028.5
090 _aP Year 5 028
_bPOO
100 _aPoole, Josephine.
_eAutor
245 1 0 _aAnne Frank
_cJosephine Poole ; ilustrações de Angela Barrett ; tradução de Marcelo Pen
250 _a1. ed.
260 _aSão Paulo
_bSM
_c2005
300 _a40 p.
_bil. color
_c23.88 x 26.16 x 0.25 cm
520 _aAnne Frank era uma menina judia que vivia na Alemanha. Durante a Segunda Guerra Mundial, sua família mudou-se para a Holanda e, a certa altura, teve de separar-se. A vida de Anne entrou para a história com a publicação de seu diário, que dá testemunho da luta pela sobrevivência dos judeus contra a opressão e a intolerância instaladas na Europa. Baseado nesse diário, o livro relata os sentimentos mais íntimos de Anne sobre sua infância, mostrando uma menina com personalidade marcante e sua reação ao clima de terror que Hitler impôs ao mundo.
521 _aYear 5
546 _apor
697 _aLiteratura infantojuvenil.
697 _aCrianças Judias no Holocausto.
700 _aBarrett, Angela
_eilustrador
_aPen, Marcelo
_etradutor
856 _u000011/000011ff.jpg
942 _cBK
_2udc
999 _c12083
_d12083